[Event "Albacete op U2300 1st"]
[Site "Albacete"]
[Date "2012.04.29"]
[Round "4"]
[White "Prats Rodriguez, Juan Bosco"]
[Black "Lanza, Luciano"]
[Result "1-0"]
[WhiteElo "2028"]
[BlackElo "2184"]
[PlyCount "129"]
[EventDate "2012.04.27"]
[EventType "swiss"]
[EventRounds "9"]
[EventCountry "ESP"]
[SourceTitle "EXT 2014"]
[Source "ChessBase"]
[SourceDate "2013.11.20"]
[SourceVersion "1"]
[SourceVersionDate "2013.11.20"]
[SourceQuality "1"]

1. e4 c5 2. Nc3 a6 3. g3 b5 4. Bg2 Bb7 5. d3 e6 6. f4 b4 7. Nce2 Nf6 8. Nf3 Nc6 9. 0-0 Be7 10. e5 Ng4 11. h3 Nh6 12. g4 Qb6 13. Be3 f5 14. g5 Nf7 15. c3 0-0 16. Qe1 g6 17. Qf2 Rfc8 18. Rfc1 Na5 19. cxb4 Qxb4 20. Rc2 c4 21. dxc4 Nxc4 22. Bd4 Be4 23. Rc3 Qb7 24. Rac1 Na5 25. Rxc8+ Rxc8 26. Rxc8+ Qxc8 27. Nc3 Bb7 28. Ne1 Bxg2 29. Qxg2 Nc6 30. Be3 d6 31. exd6 Bxd6 32. Nd3 Nb4 33. Qd2 Qc6 34. Ne1 Bc5 35. a3 Bxe3+ 36. Qxe3 Nd5 37. Nxd5 Qxd5 38. Nd3 Nd6 39. Ne5 Qd1+ 40. Kg2 Ne4 41. Qd3 Qxd3 42. Nxd3 Kf7 43. Kf3 Ke7 44. Ke3 Kd6 45. Kd4 Ng3 46. b4 Ne2+ 47. Kc4 Kc6 48. a4 Kb6 49. h4 Kc6 50. a5 Kb7 51. Nc5+ Ka7 52. Nxe6 Ng3 53. Kd5 Kb7 54. Nf8 Nh5 55. Ke5 Kc6 56. Nxh7 Kb5 57. Nf8 Kxb4 58. Nxg6 Kxa5 59. Ne7 Kb5 60. Nxf5 a5 61. Nd4+ Kc4 62. f5 a4 63. f6 a3 64. f7 a2 65. Nc2 1-0

[Event "La Roda op 39th"]
[Site "La Roda"]
[Date "2012.04.08"]
[Round "8"]
[White "Del Rey, Diego"]
[Black "Lanza, Luciano"]
[Result "1-0"]
[WhiteElo "2372"]
[BlackElo "2184"]
[PlyCount "77"]
[EventDate "2012.04.04"]
[EventType "swiss"]
[EventRounds "9"]
[EventCountry "ESP"]
[SourceTitle "CBM 147 Extra"]
[Source "ChessBase"]
[SourceDate "2012.04.24"]
[SourceVersion "1"]
[SourceVersionDate "2012.04.24"]
[SourceQuality "1"]

1. d4 Nf6 2. Nf3 g6 3. c4 Bg7 4. Nc3 0-0 5. Bg5 d6 6. e3 c6 7. Be2 Nbd7 8. Qc2 Qa5 9. 0-0 e5 10. Bh4 Re8 11. Rab1 exd4 12. Nxd4 Qc7 13. Rbd1 Ne5 14. h3 a6 15. f4 Ned7 16. e4 Nc5 17. Bf3 Nfd7 18. Nde2 b5 19. b4 Na4 20. Nxa4 bxa4 21. Qxa4 Bb7 22. Qa5 Qxa5 23. bxa5 Nc5 24. Rb1 Rab8 25. Bf2 Ba8 26. e5 Bf8 27. Bxc5 dxc5 28. Rb6 Rxb6 29. axb6 Rd8 30. Nc3 Rd4 31. Be2 Be7 32. g3 Kf8 33. Kf2 Bb7 34. Ke3 Rd8 35. Ne4 Bc8 36. g4 Bd7 37. f5 gxf5 38. gxf5 Rb8 39. e6 1-0

[Event "Benidorm op U2300 10th"]
[Site "Benidorm"]
[Date "2011.12.06"]
[Round "6"]
[White "Lanza, Luciano"]
[Black "Paya Prats, Damian"]
[Result "1-0"]
[WhiteElo "2178"]
[BlackElo "2028"]
[PlyCount "49"]
[EventDate "2011.12.02"]
[EventType "swiss"]
[EventRounds "10"]
[EventCountry "ESP"]
[SourceTitle "CBM 145 Extra"]
[Source "ChessBase"]
[SourceDate "2012.01.03"]
[SourceVersion "1"]
[SourceVersionDate "2012.01.03"]
[SourceQuality "1"]

1. e4 d6 2. d4 g6 3. Nc3 Bg7 4. Be3 c6 5. Qd2 Nd7 6. Nge2 Ngf6 7. f3 b5 8. Ng3 h5 9. Bd3 a6 10. a4 b4 11. Nd1 a5 12. 0-0 Ba6 13. Bxa6 Rxa6 14. h3 Qc8 15. Bg5 c5 16. d5 Ra7 17. Ne3 c4 18. Qd4 Rc7 19. f4 h4 20. Ngf5 gxf5 21. Nxf5 Rg8 22. e5 Nxe5 23. Nxg7+ Rxg7 24. fxe5 Rxg5 25. exf6 1-0

[Event "Benidorm op U2300 10th"]
[Site "Benidorm"]
[Date "2011.12.04"]
[Round "3"]
[White "Perez Garcia, Jose Miguel"]
[Black "Lanza, Luciano"]
[Result "0-1"]
[WhiteElo "2029"]
[BlackElo "2178"]
[PlyCount "56"]
[EventDate "2011.12.02"]
[EventType "swiss"]
[EventRounds "10"]
[EventCountry "ESP"]
[SourceTitle "CBM 145 Extra"]
[Source "ChessBase"]
[SourceDate "2012.01.03"]
[SourceVersion "1"]
[SourceVersionDate "2012.01.03"]
[SourceQuality "1"]

1. d4 Nf6 2. c4 g6 3. Nc3 Bg7 4. e4 d6 5. Nf3 0-0 6. Be2 e5 7. dxe5 dxe5 8. Qxd8 Rxd8 9. Bg5 Nbd7 10. 0-0-0 Rf8 11. Nd2 c6 12. Be3 b6 13. f3 Re8 14. b3 Nf8 15. b4 Ne6 16. Nb3 Bf8 17. a3 a5 18. c5 a4 19. cxb6 axb3 20. Kb2 Nd4 21. Bxd4 exd4 22. Rxd4 c5 23. bxc5 Bxc5 24. Ra4 Rb8 25. Bc4 Rd8 26. Rd1 Rxd1 27. Nxd1 Nd7 28. Ra5 Nxb6 0-1

[Event "Benidorm op U2300 10th"]
[Site "Benidorm"]
[Date "2011.12.03"]
[Round "2"]
[White "Lanza, Luciano"]
[Black "Codina Tormo, Julia"]
[Result "1/2-1/2"]
[WhiteElo "2178"]
[BlackElo "2033"]
[PlyCount "39"]
[EventDate "2011.12.02"]
[EventType "swiss"]
[EventRounds "10"]
[EventCountry "ESP"]
[SourceTitle "CBM 145 Extra"]
[Source "ChessBase"]
[SourceDate "2012.01.03"]
[SourceVersion "1"]
[SourceVersionDate "2012.01.03"]
[SourceQuality "1"]

1. e4 c5 2. Nf3 Nc6 3. d4 cxd4 4. Nxd4 g6 5. Nc3 Bg7 6. Be3 Nf6 7. Nb3 0-0 8. Be2 d6 9. 0-0 Bd7 10. f4 Rc8 11. Bf3 Be6 12. Nd5 Nd7 13. c3 b5 14. Nd4 Bxd5 15. exd5 Nxd4 16. Bxd4 Bxd4+ 17. Qxd4 Qa5 18. Rfe1 Rfe8 19. Re3 Nb6 20. Ree1 1/2-1/2

[Event "Alicante op 2nd"]
[Site "Alicante"]
[Date "2010.01.05"]
[Round "9"]
[White "Lanza, Luciano"]
[Black "Vicente Torrecillas, Francisco Javier"]
[Result "1-0"]
[WhiteElo "2178"]
[BlackElo "2084"]
[PlyCount "63"]
[EventDate "2009.12.27"]
[EventType "swiss"]
[EventRounds "9"]
[EventCountry "ESP"]
[SourceTitle "CBM 134 Extra"]
[Source "ChessBase"]
[SourceDate "2010.03.03"]
[SourceVersion "1"]
[SourceVersionDate "2010.03.03"]
[SourceQuality "1"]

1. e4 d6 2. d4 Nf6 3. Nc3 g6 4. Be3 c6 5. f3 Qb6 6. Qd2 Qxb2 7. Rb1 Qa3 8. Bd3 Nbd7 9. Nge2 Bg7 10. Bh6 0-0 11. Bxg7 Kxg7 12. h4 Qa5 13. h5 Nxh5 14. g4 Nhf6 15. Qh6+ Kg8 16. g5 e5 17. gxf6 Nxf6 18. d5 Re8 19. Kd2 Qc7 20. Rbg1 a6 21. Ng3 Qe7 22. Nh5 Nxh5 23. Rxh5 Qf6 24. Qxh7+ Kf8 25. Qh8+ Ke7 26. Qxf6+ Kxf6 27. Rh7 c5 28. a4 b6 29. Rb1 Rb8 30. Rb2 Re7 31. Rh8 Rc7 32. Bxa6 1-0

[Event "Alicante op 2nd"]
[Site "Alicante"]
[Date "2010.01.04"]
[Round "8"]
[White "Serrano Marhuenda, Salvador"]
[Black "Lanza, Luciano"]
[Result "1/2-1/2"]
[WhiteElo "2085"]
[BlackElo "2178"]
[PlyCount "92"]
[EventDate "2009.12.27"]
[EventType "swiss"]
[EventRounds "9"]
[EventCountry "ESP"]
[SourceTitle "CBM 134 Extra"]
[Source "ChessBase"]
[SourceDate "2010.03.03"]
[SourceVersion "1"]
[SourceVersionDate "2010.03.03"]
[SourceQuality "1"]

1. e4 c5 2. Nc3 Nc6 3. g3 g6 4. Bg2 Bg7 5. d3 e6 6. Nge2 Nge7 7. 0-0 0-0 8. Bg5 h6 9. Be3 Nd4 10. Qd2 Kh7 11. f4 d6 12. g4 f5 13. gxf5 exf5 14. Ng3 Rb8 15. a4 Bd7 16. Ra3 Bc6 17. Nd5 Bxd5 18. exd5 b5 19. axb5 Nxb5 20. Ra2 Re8 21. Bf2 Nc8 22. c3 Rb7 23. Raa1 Nb6 24. Rfe1 Rbe7 25. Nf1 Rxe1 26. Rxe1 Nc7 27. Ne3 Qf6 28. h4 h5 29. Bg3 a5 30. Nc4 Rxe1+ 31. Qxe1 Nxc4 32. dxc4 Qd8 33. Bf3 Bf6 34. Bd1 Qd7 35. Bc2 Bd8 36. Qd1 Qe8 37. Qe1 Kg7 38. Qxe8 Nxe8 39. Kg2 Nf6 40. Kf3 Kf7 41. Be1 Ke7 42. Ba4 Nd7 43. Ke3 Nf6 44. Bc2 Kd7 45. Ba4+ Ke7 46. Kf3 Nd7 1/2-1/2

[Event "Benidorm op U2300 08th"]
[Site "Benidorm"]
[Date "2009.12.01"]
[Round "4"]
[White "Picazo Lopez, Juan Antonio"]
[Black "Lanza, Luciano"]
[Result "1-0"]
[WhiteElo "2226"]
[BlackElo "2137"]
[PlyCount "109"]
[EventDate "2009.11.28"]
[EventType "swiss"]
[EventRounds "10"]
[EventCountry "ESP"]
[SourceTitle "CBM 133 Extra"]
[Source "ChessBase"]
[SourceDate "2010.01.05"]
[SourceVersion "1"]
[SourceVersionDate "2010.01.05"]
[SourceQuality "1"]

1. d4 Nf6 2. c4 g6 3. Nc3 Bg7 4. e4 d6 5. Be2 0-0 6. Bg5 c5 7. dxc5 Qa5 8. Bd2 Qxc5 9. Nf3 Bg4 10. Be3 Qc8 11. Rc1 Nc6 12. 0-0 Bxf3 13. Bxf3 Qe6 14. b3 Ne5 15. Be2 h5 16. h3 Nc6 17. Qd3 Nd7 18. Nd5 Rac8 19. b4 Nf6 20. f3 b6 21. Rfd1 Qd7 22. Qb3 Qb7 23. Qa4 Nxd5 24. cxd5 Nb8 25. Bb5 Bf6 26. Bc6 Qa6 27. Qxa6 Nxa6 28. a3 Nb8 29. Rc2 Rc7 30. Rdc1 Rfc8 31. a4 Na6 32. Rc4 e6 33. Kf2 Kf8 34. Ke2 Ke7 35. Kd3 Kd8 36. Bf4 Ke7 37. Bd2 Kd8 38. Kc2 Nb8 39. Kb3 Nd7 40. R4c2 Ke7 41. Be3 Ne5 42. f4 Nd7 43. Kc4 Nb8 44. Kb5 Nd7 45. Rc4 Kd8 46. Bxd7 Rxc4 47. Bxc8 Rxc1 48. Bxc1 Kxc8 49. Kc6 Bc3 50. Ba3 Bd2 51. Kxd6 exd5 52. exd5 Kd8 53. Kc6 Kc8 54. b5 Bxf4 55. Be7 1-0

[Event "Buenos Aires La Punta op"]
[Site "Buenos Aires"]
[Date "2009.05.28"]
[Round "5"]
[White "Lanza, Luciano"]
[Black "Contin, Daniel"]
[Result "1-0"]
[WhiteElo "2137"]
[BlackElo "2321"]
[PlyCount "79"]
[EventDate "2009.05.25"]
[EventType "swiss"]
[EventRounds "9"]
[EventCountry "ARG"]
[SourceTitle "CBM 130 Extra"]
[Source "ChessBase"]
[SourceDate "2009.07.02"]
[SourceVersion "2"]
[SourceVersionDate "2009.07.15"]
[SourceQuality "1"]

1. e4 e6 2. d3 c5 3. Nf3 Nc6 4. g3 g6 5. d4 cxd4 6. Nxd4 d6 7. Bg2 Qb6 8. Nb3 a6 9. Nc3 Nf6 10. 0-0 Qc7 11. Re1 Bg7 12. Be3 0-0 13. f4 b5 14. a3 Bb7 15. Qe2 Rfe8 16. h3 Nd7 17. Qf2 Rac8 18. Rad1 Bxc3 19. bxc3 Ncb8 20. Rd3 f5 21. exf5 Bxg2 22. Qxg2 gxf5 23. g4 Kf7 24. g5 Nf6 25. Qf3 Ne4 26. Qh5+ Kg8 27. Nd2 Nc6 28. Nxe4 fxe4 29. Rd2 Ne7 30. Bd4 e5 31. fxe5 dxe5 32. Rf1 Ng6 33. Be3 Rf8 34. Rf6 Rxf6 35. gxf6 Rf8 36. Qf5 Qxc3 37. Bh6 Qg3+ 38. Kf1 e3 39. Qe6+ Rf7 40. Rd8+ 1-0

[Event "Buenos Aires La Punta op"]
[Site "Buenos Aires"]
[Date "2009.05.25"]
[Round "2"]
[White "Lanza, Luciano"]
[Black "Tristan, Leonardo"]
[Result "1/2-1/2"]
[WhiteElo "2137"]
[BlackElo "2393"]
[PlyCount "53"]
[EventDate "2009.05.25"]
[EventType "swiss"]
[EventRounds "9"]
[EventCountry "ARG"]
[SourceTitle "CBM 130 Extra"]
[Source "ChessBase"]
[SourceDate "2009.07.02"]
[SourceVersion "2"]
[SourceVersionDate "2009.07.15"]
[SourceQuality "1"]

1. e4 d5 2. exd5 Qxd5 3. Nc3 Qa5 4. d4 Nf6 5. Nf3 c6 6. Bc4 Bf5 7. Bd2 e6 8. Nd5 Qd8 9. Nxf6+ Qxf6 10. c3 Nd7 11. Be3 Bd6 12. Bd3 Bg4 13. Be4 Qe7 14. h3 Bh5 15. g4 Bg6 16. Bxg6 hxg6 17. Qe2 0-0-0 18. 0-0-0 Kb8 19. Kb1 Nf6 20. Bg5 Qc7 21. Nd2 Bf4 22. Ne4 Bxg5 23. Nxg5 Rd5 24. Ne4 Qf4 25. Nc5 Rhd8 26. Nd3 Qc7 27. Qf3 1/2-1/2